Discover All of Egypt (Record no. 12349)
[ view plain ]
| 000 -LEADER | |
|---|---|
| fixed length control field | 01089nam a22002897a 4500 |
| 008 - FIXED-LENGTH DATA ELEMENTS--GENERAL INFORMATION | |
| fixed length control field | 090713t xxu||||| |||| 00| 0 eng d |
| 082 ## - DEWEY DECIMAL CLASSIFICATION NUMBER | |
| Classification number | 932 |
| Item number | EGY |
| Edition number | 22 |
| 110 1# - MAIN ENTRY--CORPORATE NAME | |
| Corporate name or jurisdiction name as entry element | Business Magazine & Multimedia. |
| 9 (RLIN) | 8007 |
| 245 ## - TITLE STATEMENT | |
| Title | Discover All of Egypt |
| Medium | [videorecording] / |
| Statement of responsibility, etc | Business Magazine & Multimedia. |
| 260 ## - | |
| -- | [Egypt] : |
| -- | Business Magazine & Multimedia, [2000?] |
| -- | [2000?] |
| 300 ## - PHYSICAL DESCRIPTION | |
| Extent | 2 videodiscs (180 min.) : |
| Other physical details | sd., col. ; |
| Dimensions | 4 3/4 in. |
| 306 ## - | |
| -- | 180 min. |
| 336 ## - CONTENT TYPE | |
| Source | rdacontent |
| Content type term | text |
| Content type code | txt |
| 337 ## - MEDIA TYPE | |
| Media type term | unmediated |
| Source | rdamedia |
| Media type code | n |
| 338 ## - CARRIER TYPE | |
| Carrier type term | volume |
| Carrier type code | nc |
| Source | rdacarrier |
| 600 ## - SUBJECT ADDED ENTRY--PERSONAL NAME | |
| 9 (RLIN) | 10885 |
| Personal name | Tutankhamen, |
| Titles and other words associated with a name | King of Egypt |
| General subdivision | Tomb. |
| 650 #0 - SUBJECT ADDED ENTRY--TOPICAL TERM | |
| Topical term or geographic name as entry element | Temples |
| General subdivision | Egypt. |
| 9 (RLIN) | 8008 |
| 650 #0 - SUBJECT ADDED ENTRY--TOPICAL TERM | |
| Topical term or geographic name as entry element | Ancient Egypt. |
| 9 (RLIN) | 8009 |
| 651 ## - SUBJECT ADDED ENTRY--GEOGRAPHIC NAME | |
| 9 (RLIN) | 10774 |
| Geographic name | Egypt |
| General subdivision | Civilization |
| 651 ## - SUBJECT ADDED ENTRY--GEOGRAPHIC NAME | |
| 9 (RLIN) | 14212 |
| Geographic name | Citadel (Cairo, Egypt) |
| General subdivision | Civilization |
| 651 ## - SUBJECT ADDED ENTRY--GEOGRAPHIC NAME | |
| 9 (RLIN) | 14211 |
| Geographic name | Coptic Museum (Cairo, Egypt) |
| General subdivision | Civilization |
| 651 ## - SUBJECT ADDED ENTRY--GEOGRAPHIC NAME | |
| 9 (RLIN) | 14203 |
| Geographic name | Philae (Egypt) |
| 651 ## - SUBJECT ADDED ENTRY--GEOGRAPHIC NAME | |
| 9 (RLIN) | 14049 |
| Geographic name | Pyramids |
| Geographic subdivision | Egypt. |
| 651 ## - SUBJECT ADDED ENTRY--GEOGRAPHIC NAME | |
| 9 (RLIN) | 14207 |
| Geographic name | Karnak (Egypt) |
| 651 ## - SUBJECT ADDED ENTRY--GEOGRAPHIC NAME | |
| 9 (RLIN) | 14206 |
| Geographic name | Great Temple (Abu Simbel, Egypt) |
| 942 ## - ADDED ENTRY ELEMENTS (KOHA) | |
| Source of classification or shelving scheme | Dewey Decimal Classification |
| Koha item type | CD | DVD - Documentary (NB) |
| Classification part | RDA-MOD |
| Withdrawn status | Lost status | Source of classification or shelving scheme | Damaged status | Not for loan | Home library | Current library | Shelving location | Date acquired | Source of acquisition | Cost, normal purchase price | Serial Enumeration / chronology | Total Checkouts | Full call number | Barcode | Date last seen | Date checked out | Price effective from | Koha item type | Public note |
|---|---|---|---|---|---|---|---|---|---|---|---|---|---|---|---|---|---|---|---|
| Dewey Decimal Classification | Central Library | Central Library | Second Floor | 13/07/2009 | Purchase | 75.00 | 1 | 1 | 932 EGY | 000017478 | 24/08/2022 | 26/07/2009 | 13/07/2009 | CD | DVD - Documentary (NB) | 2 DVDs | ||||
| Dewey Decimal Classification | Central Library | Central Library | Second Floor | 25/09/2011 | Purchase | 932 EGY | 000024880 | 24/08/2022 | 25/09/2011 | CD | DVD - Documentary (NB) | 2DVDs |